| 000 | 00838nam a2200253Ia 4500 | ||
|---|---|---|---|
| 003 | OSt | ||
| 005 | 20221005111703.0 | ||
| 006 | a|||||r|||| 00| 0 | ||
| 007 | ta | ||
| 008 | 221004b |||||||| |||| 00| 0 hin d | ||
| 024 | _a107521 | ||
| 037 | _cTextual | ||
| 040 |
_aCRL _cCRL _bhin |
||
| 041 |
_2hin _ahin |
||
| 082 | _aO152:g, J1 | ||
| 100 | _aजायसवाल, सीताराम | ||
| 245 | 0 | _aआधुनिक आलोचना और साहित्य | |
| 246 | _aĀdhunik ālochanā aur sāhitya | ||
| 260 |
_aबनारस _bसरस्वती मंदिर भारत _c1951 |
||
| 300 |
_a179पृ0 _ccm. |
||
| 650 | _aहिन्दी साहित्य | ||
| 942 |
_hO152:g, J1 _cTEXL _2cc |
||
| 999 |
_c1022587 _d1022587 |
||